[Event "Challenge"]
[Site "http://www.queenalice.com/game.php?id=267995"]
[Date "2007.9.7"]
[Round "-"]
[White "RationalKing"]
[Black "carlsen"]
[Result "0-1"]
[WhiteElo "2003"]
[BlackElo "1987"]

1. e4 c5 2. Nc3 Nc6 3. g3 g6 4. Bg2 Bg7 5. Nge2 d6 6. d3 Nf6 7. O-O O-O 8. h3
Nh5 9. Be3 Be6 10. Qd2 Qd7 11. Kh2 Nd4 12. Bxd4 cxd4 13. Nd1 d5 14. exd5 Bxd5
15. Bxd5 Qxd5 16. c4 dxc3 17. Ndxc3 Qf3 18. Qe3 Qxe3 19. fxe3 e5 20. Ne4 f5 21.
Ng5 Bh6 22. h4 Nf6 23. Kh3 Rac8 24. Rac1 e4 25. dxe4 Bxg5 26. hxg5 Nxe4 27. Kh4
Nd2 28. Rf2 Nc4 29. Nf4 Nxe3 30. Re1 Ng4 31. Rfe2 Rc6 32. Re7 Rc2 33. R1e2 Rfc8
34. Nd5 Rxe2 35. Rxe2 Rc1 36. Nf6+ Nxf6 37. gxf6 h6 38. Kh3 Rc7 39. Re8+ Kf7 40.
Rh8 Kxf6 41. Rxh6 Rc1 42. Rh4 Rh1+ 43. Kg2 Rxh4 44. gxh4 g5 45. hxg5+ Kxg5 46.
Kg3 b5 47. b4 Kf6 48. Kf4 Ke6 49. Kf3 Kd5 50. Kf4 Kc4 0-1

[Event "Challenge"]
[Site "http://www.queenalice.com/game.php?id=268553"]
[Date "2007.9.8"]
[Round "-"]
[White "dante72"]
[Black "carlsen"]
[Result "0-1"]
[WhiteElo "1848"]
[BlackElo "1783"]

1. d4 d5 2. e3 Nf6 3. Nc3 e6 4. a3 a6 5. f4 Nbd7 6. Bd3 c5 7. Nf3 Bd6 8. O-O O-O
9. Bd2 b5 10. Be1 Bb7 11. Bh4 Qb6 12. Bxf6 Nxf6 13. Kh1 c4 14. Be2 a5 15. Ne5 b4
16. axb4 axb4 17. Rxa8 Rxa8 18. Nb1 Ra1 19. Qe1 c3 20. b3 Qa5 21. h3 Qa2 22.
Nxc3 Rxe1 23. Rxe1 bxc3 24. Bd3 Bxe5 25. fxe5 Ne4 26. g4 Nf2+ 27. Kg1 Nxd3 28.
cxd3 Qd2 29. Rf1 c2 30. Rf2 c1=Q+ 31. Kg2 Qh1+ 32. Kxh1 Qxf2 33. e4 dxe4 34.
dxe4 Bxe4# 0-1

[Event "Challenge"]
[Site "http://www.queenalice.com/game.php?id=268557"]
[Date "2007.9.8"]
[Round "-"]
[White "rusoma"]
[Black "carlsen"]
[Result "0-1"]
[WhiteElo "1716"]
[BlackElo "1616"]

1. e4 e5 2. Nf3 Nc6 3. Bc4 Be7 4. d4 d6 5. dxe5 dxe5 6. Qxd8+ Bxd8 7. Bg5 f6 8.
Bh4 Na5 9. Bxg8 Rxg8 10. Nfd2 h5 11. Nc3 g5 12. Bg3 h4 13. O-O-O Be6 14. Nd5 c6
15. Bxe5 fxe5 16. Nb4 Bb6 17. f3 g4 18. Rhf1 g3 19. hxg3 Rxg3 20. Rh1 O-O-O 21.
Rxh4 Be3 22. Nd3 Nc4 23. b3 Nxd2 24. Rxd2 Rxg2 0-1

[Event "Challenge"]
[Site "http://www.queenalice.com/game.php?id=268559"]
[Date "2007.9.8"]
[Round "-"]
[White "EL_CHICO"]
[Black "carlsen"]
[Result "0-1"]
[WhiteElo "1941"]
[BlackElo "1899"]

1. c4 e5 2. d4 exd4 3. Nf3 Be7 4. Qxd4 Bf6 5. Qe4+ Qe7 6. Qxe7+ Nxe7 7. e4 d6 8.
Bd3 Nbc6 9. a3 Bg4 10. Be2 Rb8 11. Ra2 Kd7 12. Nbd2 Rhe8 13. O-O Ng6 14. h3 Nf4
15. Bd1 Be6 16. b3 b5 17. Bc2 Ne2+ 18. Kh1 Nc3 19. Ra1 Nxe4 20. Nxe4 Bxa1 21. c5
d5 22. Neg5 d4 23. Nxe6 fxe6 24. Bxh7 Kc8 25. Bg6 Rf8 26. b4 Bc3 27. Be4 Ne7 28.
Rd1 c6 29. Kg1 Kb7 30. Rd3 Ra8 31. Nxd4 Bxd4 32. Rxd4 Rfd8 33. Rd6 Rxd6 34. cxd6
Nd5 35. Bb2 Rd8 36. Be5 Nf6 37. Bg6 Ne8 38. Bxe8 Rxe8 39. Bxg7 e5 40. Bf6 Kc8
41. g4 Kd7 42. Be7 a5 43. g5 c5 44. bxc5 b4 45. axb4 a4 46. c6+ Kxc6 47. b5+ Kd7
48. g6 Rg8 49. b6 Rxg6+ 0-1

[Event "AUTO-MASTER-411"]
[Site "http://www.queenalice.com/game.php?id=299912"]
[Date "2007.11.7"]
[Round "1"]
[White "guzanito"]
[Black "carlsen"]
[Result "1-0"]
[WhiteElo "2104"]
[BlackElo "1985"]

1. e4 e5 2. Nf3 Nc6 3. Bc4 Nf6 4. Ng5 d5 5. exd5 Na5 6. Bb5+ Bd7 7. Qe2 Qe7 8.
Bxd7+ Nxd7 9. d3 b5 10. Nc3 a6 11. O-O h6 12. Nge4 Rd8 13. d6 Qe6 14. dxc7 Rc8
15. Bd2 Nc6 16. Be3 f5 17. Qh5+ g6 18. Qh3 Qg8 19. Nd2 f4 20. Bxf4 exf4 21.
Rfe1+ Be7 22. Re6 Nd4 23. Rxa6 Qf7 24. Nde4 Qf5 25. Qxf5 gxf5 26. Nd6+ Bxd6 27.
Rxd6 Nxc2 28. Rc1 Rxc7 29. Rxc2 Kd8 30. a3 Rc5 31. Kf1 Ke7 32. Ra6 Rd8 33. Re2+
Ne5 34. b4 Rxc3 35. Rxe5+ Kf7 36. Rxf5+ Kg7 37. Rxb5 Re8 38. Rb7+ Kg8 39. Rg6+
Kf8 40. Rf6+ Kg8 41. g3 fxg3 42. hxg3 Rxd3 43. Rg6+ Kf8 44. Rxh6 1-0

[Event "AUTO-MASTER-411"]
[Site "http://www.queenalice.com/game.php?id=299913"]
[Date "2007.11.7"]
[Round "1"]
[White "carlsen"]
[Black "guzanito"]
[Result "0-1"]
[WhiteElo "2057"]
[BlackElo "2085"]

1. e4 e5 2. Nf3 Nc6 3. Bb5 Nd4 4. Ba4 Bc5 5. c3 Nxf3+ 6. Qxf3 Qf6 7. Qg3 Ne7 8.
d3 O-O 9. Bg5 Qg6 10. b4 Bd6 11. O-O f6 12. Be3 c6 13. Qh4 Kh8 14. Bd1 Qe8 15.
Bh5 Ng6 16. Qg3 Bc7 17. f4 exf4 18. Bxf4 Nxf4 19. Qxf4 Bxf4 20. Bxe8 Be3+ 21.
Kh1 Rxe8 22. a4 d6 23. Ra2 Be6 24. Re2 Bh6 25. c4 a5 26. b5 cxb5 27. axb5 a4 28.
Ra2 Ra5 29. Nc3 Rea8 30. Ra3 Bd2 31. Na2 Kg8 32. Rd1 Be3 0-1

[Event "AUTO-MASTER-411"]
[Site "http://www.queenalice.com/game.php?id=299928"]
[Date "2007.11.7"]
[Round "1"]
[White "carlsen"]
[Black "JimMorrisson"]
[Result "0-1"]
[WhiteElo "1974"]
[BlackElo "2170"]

1. e4 c5 2. Nf3 Nc6 3. d4 cxd4 4. Nxd4 g6 5. Nc3 Bg7 6. Be3 Nf6 7. f3 d5 8. Bb5
Bd7 9. Bxc6 bxc6 10. e5 Ng8 11. f4 Nh6 12. Nb3 Nf5 13. Bc5 h5 14. Qd3 a5 15. Na4
Rb8 16. O-O O-O 17. Rad1 Re8 18. c4 Be6 19. Qc3 f6 20. Nxa5 Qc7 21. Rfe1 fxe5
22. fxe5 d4 23. Bxd4 Nxd4 24. Rxd4 c5 25. Rd5 Bxd5 26. cxd5 Rb4 27. Qxc5 Qxc5+
28. Nxc5 Rxb2 29. Ne6 Rxa2 30. Nc6 Rd2 31. Nc7 Rf8 32. Nxe7+ Kh7 33. Ne6 Rff2
34. Ng5+ Kh6 35. Ne4 Rxg2+ 36. Kf1 Rb2 37. e6 Bd4 0-1

[Event "AUTO-MASTER-411"]
[Site "http://www.queenalice.com/game.php?id=299929"]
[Date "2007.11.7"]
[Round "1"]
[White "JimMorrisson"]
[Black "carlsen"]
[Result "1-0"]
[WhiteElo "2163"]
[BlackElo "2004"]

1. e4 c5 2. f3 Nc6 3. Ne2 e5 4. Nbc3 g5 5. Ng3 h5 6. Bc4 d6 7. d3 Be7 8. Nd5 g4
9. c3 gxf3 10. Qxf3 Bg4 11. Qf2 Bh4 12. O-O Qd7 13. Ne3 Rh7 14. Nef5 Bf6 15. h3
Bxf5 16. Nxf5 O-O-O 17. b4 cxb4 18. cxb4 Nd4 19. Be3 Nxf5 20. exf5 d5 21. Bb3 d4
22. Bd2 Ne7 23. Rac1+ Kb8 24. Rc5 Rg8 25. Qe2 Rhg7 26. Rf2 Bh4 27. Qxe5+ Ka8 28.
Re2 Nc6 29. Qd5 Qc7 30. b5 Qg3 31. bxc6 Qxd3 32. cxb7+ Kb8 33. Bf4# 1-0

[Event "AUTO-MASTER-411"]
[Site "http://www.queenalice.com/game.php?id=299930"]
[Date "2007.11.7"]
[Round "1"]
[White "carlsen"]
[Black "don1kiko"]
[Result "0-1"]
[WhiteElo "1959"]
[BlackElo "1889"]

1. e4 c5 2. Nf3 Nc6 3. d4 cxd4 4. Nxd4 e5 5. Nb5 a6 6. Nd6+ Bxd6 7. Qxd6 Nge7 8.
Bg5 f6 9. Be3 O-O 10. Bc4+ Kh8 11. Nc3 b5 12. Bb3 Bb7 13. O-O-O Ng6 14. Qxd7
Qxd7 15. Rxd7 Bc8 16. Rd2 Rb8 17. Rhd1 h6 18. Bc5 Nd4 19. Bxf8 Nxf8 20. Nd5 a5
21. c3 Nxb3+ 22. axb3 Be6 23. b4 a4 0-1

[Event "AUTO-MASTER-411"]
[Site "http://www.queenalice.com/game.php?id=299931"]
[Date "2007.11.7"]
[Round "1"]
[White "don1kiko"]
[Black "carlsen"]
[Result "0-1"]
[WhiteElo "1889"]
[BlackElo "1951"]

1. c4 Nf6 2. Nc3 e6 3. e4 Nc6 4. a3 Be7 5. Nf3 e5 6. d3 d6 7. h3 O-O 8. Be2 Nd7
9. Be3 Nc5 10. O-O f5 11. Bxc5 dxc5 12. Nd5 Bd6 13. exf5 Bxf5 14. Nd2 Nd4 15.
Ne4 Bxe4 16. dxe4 Qg5 17. Kh1 Rf7 18. Qd3 Raf8 19. f3 Ne6 20. b4 c6 21. Nc3 Nf4
0-1